000 00580nam a2200193Ia 4500
005 20250508164930.0
008 008 250505s9999 xx 000 0 hin d
037 _aDissertations
040 _aFEDL
_beng
_cFEDL
041 _ahin
_2eng
084 _a491.430 7, TRI/DI
_qFEDL
100 _aTriratna Sri
_9779518
245 0 _aMadhyamik star per hindi-shikshan ke uddeshyon ka aalochnatmak addhyan
260 _c1994
300 _a82p.
546 _aM. Ed. Dissertation (Delhi University)
942 _cDIS
_h491.430 7, TRI/DI
999 _c1392113
_d1392113